000 01018ngm a2200205 a 4500
005 20210223125614.0
008 050309s2003 mx 120 aaspa d
035 _aUPN01000137838
049 _aAV
050 4 _aDVD BX 22
245 0 0 _aJuan Pablo II :
_bel Papa viajero.
260 _a[México] :
_b[s.n.],
_cc2003.
300 _a1 DVD (120 min.) :
_bson. col. ;
_c4 3/4 plg.
500 _a"El material incluye : 16 capítulos con version doblada al español"
520 _aBiografía actualizada de Karol Wojtyla. Podremos descubrir la gran influencia de su juventud en Polonia, su relación con los judíos, su triste experiencia en los campos de concentración durante la II Guerra Mundial, su participación en la caida del comunismo, su batalla por la liberación teológica en América Latina y su eterna invitación a la fé
600 0 4 _aJUAN PABLO
_bII,
_cPAPA,
_d1920-2005
_916454
650 4 _aPAPAS -
_vBIOGRAFIA
_9211
650 4 _aIGLESIA CATOLICA -
_xHISTORIA -
_yEPOCA MODERNA
905 _aElectrónico
999 _c109989
_d109989